On auxiliaries, AUX, and VPs in Icelandic

Bibliographic Details
Published in:Topics in Scandinavian syntax, ed. by L. Hellan, K.K. Christensen, Dordrecht, 1986, P.235-266 (Studies in natural language and linguistic theory)
Main Author: Thráinsson, Höskuldur
Content type: Article
Published: 1986
Source:MPIPL_cat
_version_ 1863686998587342852
author Thráinsson, Höskuldur
author_facet Thráinsson, Höskuldur
author_search Thráinsson, Höskuldur
author_sort Thráinsson, Höskuldur
author_variant h t ht
collection_details MPIPL
container_reference P.235-266
container_start_page 235
container_title Topics in Scandinavian syntax
dedup_id_str MPIPL_cat.PL0026793
dewey-hierarchy 0/[Unassigned]/
dewey-hierarchy_str 0/[Unassigned]/
first_indexed 2024-07-08T10:27:06Z
format 0/Artikel/
format_str 0/Artikel/
fullrecord <?xml version="1.0" encoding="UTF-8"?> <collection xmlns:xsi="http://www.w3.org/2001/XMLSchema-instance" xsi:schemaLocation="http://www.loc.gov/MARC21/slim http://www.loc.gov/standards/marcxml/schema/MARC21slim.xsd" xmlns="http://www.loc.gov/MARC21/slim"> <record> <leader>00000naa a2200000 u 4500</leader> <controlfield tag="001">PL0026793</controlfield> <controlfield tag="003">PLI01000000000000000026689</controlfield> <controlfield tag="005">00000000000000.0</controlfield> <controlfield tag="008"> ||| u </controlfield> <datafield tag="100" ind1="1" ind2=" "> <subfield code="a">Thráinsson, Höskuldur</subfield> </datafield> <datafield tag="245" ind1="0" ind2="0"> <subfield code="a">On auxiliaries, AUX, and VPs in Icelandic</subfield> <subfield code="c">H. Thrainsson</subfield> </datafield> <datafield tag="260" ind1=" " ind2=" "> <subfield code="c">1986</subfield> </datafield> <datafield tag="952" ind1=" " ind2=" "> <subfield code="j">1986</subfield> <subfield code="h">P.235-266</subfield> </datafield> <datafield tag="996" ind1=" " ind2=" "> <subfield code="a">Aufsatz</subfield> </datafield> <datafield tag="997" ind1=" " ind2=" "> <subfield code="a">book chapter</subfield> </datafield> <datafield tag="773" ind1="0" ind2="8"> <subfield code="t">Topics in Scandinavian syntax</subfield> <subfield code="a">ed. by L. Hellan, K.K. Christensen</subfield> <subfield code="d">Dordrecht, 1986</subfield> <subfield code="g">P.235-266</subfield> <subfield code="k">Studies in natural language and linguistic theory</subfield> <subfield code="w">MPIPL_cat.PL0026784</subfield> <subfield code="z">90-277-2166-1</subfield> <subfield code="i">In:</subfield> </datafield> </record> </collection>
hierarchy_parent_id MPIPL_cat.PL0026784
hierarchy_parent_title Topics in Scandinavian syntax
id MPIPL_cat.PL0026793
illustrated Not Illustrated
institution MPIPL_cat
institution_str MPIPL_cat
isbn 9789027721662
90-277-2166-1
language und
language_str und
last_indexed 2026-04-27T23:41:17Z
local_fields Aufsatz
online false
online_MPIPL_cat false
online_str false
publishDate 1986
publishDate_str 1986
record_format marc
spelling Thráinsson, Höskuldur
On auxiliaries, AUX, and VPs in Icelandic
H. Thrainsson
1986
Topics in Scandinavian syntax
ed. by L. Hellan, K.K. Christensen
Dordrecht, 1986
P.235-266
Studies in natural language and linguistic theory
90-277-2166-1
In
spellingShingle Thráinsson, Höskuldur
On auxiliaries, AUX, and VPs in Icelandic
title On auxiliaries, AUX, and VPs in Icelandic
title_full On auxiliaries, AUX, and VPs in Icelandic H. Thrainsson
title_fullStr On auxiliaries, AUX, and VPs in Icelandic H. Thrainsson
title_full_unstemmed On auxiliaries, AUX, and VPs in Icelandic H. Thrainsson
title_search On auxiliaries, AUX, and VPs in Icelandic
title_short On auxiliaries, AUX, and VPs in Icelandic
title_sort on auxiliaries aux and vps in icelandic h thrainsson